Markets (Record no. 83100)
[ view plain ]
| 000 -LEADER | |
|---|---|
| fixed length control field | 01059cab a22002055a 4500 |
| 001 - CONTROL NUMBER | |
| control field | L152803 |
| 008 - FIXED-LENGTH DATA ELEMENTS--GENERAL INFORMATION | |
| fixed length control field | 110504e20110428xxk 000 0 eng d |
| 035 ## - SYSTEM CONTROL NUMBER | |
| System control number | (Sirsi) u152803 |
| 041 0# - LANGUAGE CODE | |
| Language code of text/sound track or separate title | eng |
| 100 1# - MAIN ENTRY--PERSONAL NAME | |
| Personal name | Hatcher, David |
| 245 00 - TITLE STATEMENT | |
| Title | Markets |
| Remainder of title | Birmingham |
| 260 ## - PUBLICATION, DISTRIBUTION, ETC. | |
| Date of publication, distribution, etc. | 2011 |
| 490 #0 - SERIES STATEMENT | |
| Series statement | Property Week |
| Volume/sequential designation | 77(17) 28 April 2011, 33-42(5) |
| 520 ## - SUMMARY, ETC. | |
| Summary, etc. | Lloyds Banking Group's strategic review might take the company out of Birmingham. Ex-Cube developers work on plans for the Post and Mail building. Brockton Capital and retail specialist Milligan have begun a review of the shopping provision in Brockton's newly acquired Mailbox scheme. Discusses Network Rail's plans for its £550m redevelopment of Birmingham New Street station and the Pallasades shopping centre. First Industrial and CWC Group are to develop a 500 000 sq ft shed for the Co-op at Castlewood Business Park in North Derbyshire. |
| 590 ## - LOCAL NOTE (RLIN) | |
| Local note | KA |
| 651 #4 - SUBJECT ADDED ENTRY--GEOGRAPHIC NAME | |
| Geographic name | Birmingham |
| 690 ## - LOCAL SUBJECT ADDED ENTRY--TOPICAL TERM (OCLC, RLIN) | |
| Topical term or geographic name as entry element | PROPERTY-COMMERCIAL PROPERTY-COMMERCIAL PROPERTY MARKET |
| 700 1# - ADDED ENTRY--PERSONAL NAME | |
| Personal name | Byrne, Stephen |
| 942 ## - ADDED ENTRY ELEMENTS (KOHA) | |
| Suppress in OPAC | 0 |
| Withdrawn status | Lost status | Source of classification or shelving scheme | Damaged status | Not for loan | Home library | Current library | Shelving location | Date acquired | Total Checkouts | Full call number | Barcode | Date last seen | Copy number | Price effective from | Koha item type |
|---|---|---|---|---|---|---|---|---|---|---|---|---|---|---|---|
| Dewey Decimal Classification | London | London | Journal article | 04/05/2011 | L152803 | 152803-1001 | 06/08/2019 | 1 | 06/08/2019 | Journal article |